The Laws of the Republic of Zambia. [electronic resource] (Record no. 77433)
[ view plain ]
| 000 -LEADER | |
|---|---|
| fixed length control field | 00797nam a2200217 a 4500 |
| 005 - DATE AND TIME OF LATEST TRANSACTION | |
| control field | 20230622122703.0 |
| 008 - FIXED-LENGTH DATA ELEMENTS--GENERAL INFORMATION | |
| fixed length control field | 140217s2006 ||||||||||||||||| || u |
| 040 ## - CATALOGING SOURCE | |
| Transcribing agency | CBU |
| 050 ## - LIBRARY OF CONGRESS CALL NUMBER | |
| Classification number | e-File |
| 110 ## - MAIN ENTRY--CORPORATE NAME | |
| Corporate name or jurisdiction name as entry element | Government of the Republic of Zambia |
| 245 14 - TITLE STATEMENT | |
| Title | The Laws of the Republic of Zambia. [electronic resource] |
| Statement of responsibility, etc. | Prepared under the authority of the Laws of Zambia (Revised edition) Act. |
| 250 ## - EDITION STATEMENT | |
| Edition statement | 2006 ed. |
| 260 ## - PUBLICATION, DISTRIBUTION, ETC. | |
| Place of publication, distribution, etc. | Lusaka |
| Name of publisher, distributor, etc. | Ministry of Legal Affairs |
| Date of publication, distribution, etc. | 2006 |
| 300 ## - PHYSICAL DESCRIPTION | |
| Extent | 26 v. |
| 650 ## - SUBJECT ADDED ENTRY--TOPICAL TERM | |
| Topical term or geographic name entry element | CONSTITUTIONAL LAW--ZAMBIA |
| 650 ## - SUBJECT ADDED ENTRY--TOPICAL TERM | |
| Topical term or geographic name entry element | CONSTITUTIONAL HISTORY--ZAMBIA |
| 710 ## - ADDED ENTRY--CORPORATE NAME | |
| Corporate name or jurisdiction name as entry element | Zambia. Ministry of Legal Affairs |
| 710 ## - ADDED ENTRY--CORPORATE NAME | |
| Corporate name or jurisdiction name as entry element | Ministry of Legal Affairs |
| 856 ## - ELECTRONIC LOCATION AND ACCESS | |
| Uniform Resource Identifier | http://41.63.3.93:8025/cgi-bin/koha/opac-retrieve-file.pl?id=90af13396d37dab9e455e3a9b1993231 |
| 942 ## - ADDED ENTRY ELEMENTS (KOHA) | |
| Koha item type | ELECTRONIC RESOURCE |
| 999 ## - | |
| -- | 77433 |
| -- | 77433 |
| Withdrawn status | Lost status | Source of classification or shelving scheme | Damaged status | Not for loan | Permanent Location | Current Location | Date acquired | Total Checkouts | Date last seen | Price effective from | Koha item type |
|---|---|---|---|---|---|---|---|---|---|---|---|
| CBU-MAIN LIBRARY, KITWE. | CBU-MAIN LIBRARY, KITWE. | 04/26/2023 | 04/26/2023 | 04/26/2023 | COMPUTER FILE |